00462nam a22001577a 450000500170000001000130001702000260003003500130005603700090006908200110007810000240008924500700011326000370018327000590022030000250027920210412102611.0 aB-739763 a9788126030750c140.00 aB-739763 bGift a812.08 aKurtkoti, Kirtinath aRe-cognition:ba study of sanskrit drama /cby Kirtinath Kurtkoti aNew DelhibSahitya Akademic2011 aRabindra Bhavan, 35, Ferozshah RoadbNew Delhie110001 axiv, 211p.c22cm(Hb)